Geografia Afryki #1 - Statystyki

Ogólne statystyki
  • Ten quiz został rozwiązany 25 razy
  • Średni wynik to 10 z 20
Statystyki odpowiedzi
Pytanie Odpowiedź % Poprawnych
Na której wyspie żyją lemury? Madagaskar
90%
Które dwa państwa afrykańskie zaczynają się na literę Z? Zambia
90%
Które dwa państwa afrykańskie zaczynają się na literę Z? Zimbabwe
90%
Jakie są dwie najwyższe szczyty w Afryce? Kilimandżaro
86%
Które państwo jest całkowicie otoczone przez Republikę Południowej Afryki? Lesotho
81%
Który kraj azjatycki jest położony mniej niż 32 kilometrów od Dżibuti? Jemen
71%
Która stolica Afryki jest najdalej wysunięta na północ? Tunis
62%
Które hiszpańskie wyspy znajdują się tuż przy wybrzeżu Maroka? Wyspy Kanaryjskie
62%
Która stolica Afryki jest najdalej wysunięta na południe? Kapsztad
57%
Która rzeka oddziela obszary występowania szympansa i bonobo? Kongo
57%
Które miasto w Egipcie jest drugie pod względem liczby ludności? Aleksandria
43%
Jakie terytorium sporne jest podzielone między Maroko i Saharę Zachodnią? Sahara Zachodnia
43%
Jaki język na literę S jest językiem urzędowym Tanzanii, Kenii, Ugandy, Demokratycznej Republiki Konga i Komorów? Suahili
33%
Która grupa etniczna w Tanzanii i Kenii prowadzi półkoczowniczy tryb życia, zajmując się hodowlą bydła? Masajowie
24%
Który język południowoafrykański wyewoluował z języka niderlandzkiego? Afrikaans
19%
Jakie są dwie najwyższe szczyty w Afryce? Kenia
19%
Które egipskie miasto zostało nazwane „największym na świecie muzeum na świeżym powietrzu” i jest również patronem kasyna w Las Vegas? Luksor
19%
Jaki jest główny towar eksportowy Nigerii? Ropa naftowa
19%
Jaka jest waluta Republiki Południowej Afryki? Rand południowoafrykański
14%
Jaka jest największa tama na rzece Nil? Tama Asuańska
14%
Nie znaleziono quizów pasujących do podanych kryteriów
Rozkład punktacji
Procent ludzi z każdym wynikiem
Percentyl według liczby udzielonych odpowiedzi
Twoja historia wyników
Nie rozwiązałeś tego quizu